Numéro des joueurs du PSG 2022/2023 - Statistiques

Statistiques générales
  • Ce quiz a été pris 930 fois
  • Le résultat moyen est 14 sur 21
Statistiques - réponses
Numéro Joueur % Correct
7 Mbappé
95%
10 Neymar
92%
2 Hakimi
89%
1 Navas
89%
3 Kimpembe
88%
6 Verratti
87%
5 Marquinhos
86%
99 Donnarumma
82%
30 Messi
78%
4 Ramos
77%
8 Ruiz
69%
44 Ekitike
59%
25 Mendes
56%
17 Vitinha
54%
14 Bernat
51%
28 Soler
45%
26 Mukiele
38%
90 Letellier
34%
15 Pereira
34%
18 Sanches
30%
19 Sarabia
29%
Aucun quiz correspondant
Distribution des résultats
% des personnes avec chaque résultat
Percentile par nombre de réponses
Votre historique - résultats
Vous n’avez pas pris ce quiz